IB Brainrot Exam - Statistics

General Stats
  • This quiz has been taken 143 times
  • The average score is 16 of 43
Answer Stats
Hint Answer % Correct
Ability to pull a girl Rizz
84%
What exercise improves your jawline? Mewing
83%
Who's sussy? Baka
77%
Oi oi oi ___ baka
77%
Who has the most baby oil Diddy
74%
Someone who is not an alpha Beta
70%
Who leads the wolfpack? Alpha
64%
What streamer taxes food Fanum
64%
What meme is still massive? Low taper fade
62%
Word to describe shawtys huzz
60%
Someone with high rizz Rizzler
57%
Who had a famous island? Jeffrey Epstein
56%
Peaches gyatt
51%
Where does skibidi come from toilet
51%
What rapper is famous for their leak? Drake
50%
When food is good its ____ bussin
49%
What is it called when you keep scrolling on Tiktok or Instagram? Doom scroll
44%
The freakiest place on Earth? Ohio
42%
Who is the Streamer who gets Taxed Kai Cenat
41%
If you are over complimenting someone it is____ glazing
40%
What is it called when someone takes your food? Fanum tax
37%
Who's Baby Gronk's Girlfriend Livvy Dunne
35%
What do you call someone who doesn't mew or breath through their nose Mouth Breather
35%
Anita max ____ Wynn
31%
Who is Skibbidi Toilet's greatest enemy Camera Man
30%
Double chunk chocolate cookie or ________ chicken bake
27%
Who tried to overthrow the leader of TikTok rizz party? Turkish Quandale Dingle
27%
Who brings the boom? Costco Guys
23%
Who has the most rizz? Duke Dennis
22%
A phrase used to show shock or in response to something what the sigma
21%
Who's the leader of the TikTok rizz party? Blue tie kid
20%
What school do you go to in order to improve your looks? Mogwarts
19%
What did Diddy host at a party? Freak off
18%
What rhymes with bunt Munt
10%
What's the number one rule of this school? No talking
10%
Whats the scale that they use? Boom meter
9%
What show has become popular with football edits? Family Guy
9%
What's tomorrow? Knee surgery
7%
What do you call someone who has max aura? nonchalant
3%
Someone who rages easily D1 crashout
2%
When you're aware of your actions demure
2%
Who created the Chicken big Mac Meal? Kai Cenant
2%
What exercise can help improve your jawline with a tool? Hammer maxxing
1%
No matching quizzes found
Score Distribution
Percent of People with Each Score
Percentile by Number Answered
Your Score History
You have not taken this quiz